Tādarārat Akākus : al-fann al-ṣukhrī wa-thaqāfāt al-Ṣaḥrāʼ qabl al-tārīkh /
محفوظ في:
المؤلف الرئيسي:
مؤلفون آخرون: , ,
التنسيق: كتاب
اللغة:
Arabic
Italian
منشور في:
Ṭarābulus :
Markaz Dirāsāt Jihād al-Lībīyīn ḍid al-Ghazw al-Īṭālī,
1988.
الموضوعات:
الوسوم: إضافة وسم
لا توجد وسوم, كن أول من يضع وسما على هذه التسجيلة!
رقم الطلب: N5310 .M5913 1988
| LEADER | 01673nam a2200313Ia 4500 | ||
|---|---|---|---|
| 003 | OSt | ||
| 005 | 20230814101538.0 | ||
| 008 | 130303s1988 ly ah 000 0 ara d | ||
| 952 | |0 0 |1 0 |2 lcc |4 0 |6 N5310 M5913 01988 |7 1 |9 49541 |a ARCE |b ARCE |d 2023-08-14 |l 0 |o N5310 .M5913 1988 |p 1022631 |r 2023-08-14 00:00:00 |w 2023-08-14 |y BK | ||
| 999 | |c 25806 |d 25806 | ||
| 040 | |c ARCE Library | ||
| 041 | 1 | |a ra |h ita | |
| 043 | |a f-ly--- | ||
| 050 | 4 | |a N5310 .M5913 1988 | |
| 100 | 1 | |a Mori, Fabrizio, |e author |9 36229 | |
| 240 | 1 | 0 | |a Tadrart Acacus. |l Arabic |
| 245 | 1 | 0 | |6 880-02 |a Tādarārat Akākus : |b al-fann al-ṣukhrī wa-thaqāfāt al-Ṣaḥrāʼ qabl al-tārīkh / |c taʼlīf Fābrītsthyū Mūrī ; tarjamah ʻUmar al-Bārūnī, Fuʼād al-Kaʻbāzī ; murājaʻah ʻAbd al-Raḥman ʻUjaylī. |
| 264 | 1 | |a Ṭarābulus : |b Markaz Dirāsāt Jihād al-Lībīyīn ḍid al-Ghazw al-Īṭālī, |c 1988. | |
| 300 | |a 279 pages : |b illustrations, facsimiles ; |c 30 cm | ||
| 500 | |a Translation of : Tadrart Acacus : arte rupestre e culture del Sahara preistorico. | ||
| 650 | 0 | |a Art, Primitive. | |
| 650 | 0 | |a Cave-dwellings. | |
| 651 | 0 | |a Fezzan (Libya) |x Antiquities. | |
| 700 | 1 | |a Bārūnī, ʻUmar. | |
| 700 | 1 | |a Kaʻbāzī, Fuʼād. |9 33465 | |
| 700 | 1 | |a ʻUjaylī, ʻAbd al-Raḥman. |9 41405 | |
| 880 | 1 | 0 | |6 245-02/(3/r |a تادرارت اكاكس : |b الفن الصخري و ثقافات الصحراء قبل التاريخ |c تأليف فابريتسثيو موري ؛ ترجمة عمر الباروني، فؤاد الكعبازي ؛ مراجعة عبد الرحمن عجيلي. |
| 901 | |a reviewed | ||
| 942 | |c BK |2 lcc | ||
